UBT Library

Ending the management illusion : (Record no. 43648)

000 -LEADER
fixed length control field 01085cam a2200301 a 4500
001 - CONTROL NUMBER
control field 15392492
005 - DATE AND TIME OF LATEST TRANSACTION
control field 20180227092546.0
008 - FIXED-LENGTH DATA ELEMENTS--GENERAL INFORMATION
fixed length control field 080801s2008 nyua 001 0 eng d
010 ## - LIBRARY OF CONGRESS CONTROL NUMBER
LC control number 2008298391
015 ## - NATIONAL BIBLIOGRAPHY NUMBER
National bibliography number GBA876880
Source bnb
016 7# - NATIONAL BIBLIOGRAPHIC AGENCY CONTROL NUMBER
Record control number 014632171
Source Uk
020 ## - INTERNATIONAL STANDARD BOOK NUMBER
International Standard Book Number 0071494731
020 ## - INTERNATIONAL STANDARD BOOK NUMBER
International Standard Book Number 9780071494731
035 ## - SYSTEM CONTROL NUMBER
System control number (OCoLC)ocn230776016
040 ## - CATALOGING SOURCE
Original cataloging agency SISPL
Transcribing agency SISPL
Modifying agency HNW
-- UAT
-- YDXCP
-- IXA
-- UKM
-- BAKER
-- VP@
-- BTCTA
-- BWX
-- DLC
041 ## - LANGUAGE CODE
Language code of text/sound track or separate title eng
042 ## - AUTHENTICATION CODE
Authentication code lccopycat
080 ## - UNIVERSAL DECIMAL CLASSIFICATION NUMBER
Universal Decimal Classification number 658.0019 SHEF
082 04 - DEWEY DECIMAL CLASSIFICATION NUMBER
Classification number 658.0019 SHEF
Edition number 22
100 1# - Rafti
Rafti 54
101 ## - Shkurtesa
Shkurtesa MEN
245 10 - TITLE STATEMENT
Title Ending the management illusion :
Statement of responsibility, etc Hersh Shefrin.
246 30 - VARYING FORM OF TITLE
Title proper/short title Eliminate the mental traps that threaten your organization's success
246 1# - VARYING FORM OF TITLE
Display text Subtitle book jacket:
Title proper/short title How to drive business results using the principles of behavioral finance
906 ## - LOCAL DATA ELEMENT F, LDF (RLIN)
a 7
b cbc
c copycat
d 2
e ncip
f 20
g y-gencatlg
942 ## - ADDED ENTRY ELEMENTS (KOHA)
Source of classification or shelving scheme
Item type Books
Holdings
Withdrawn status Lost status Source of classification or shelving scheme Damaged status Not for loan Collection code Permanent location Current location Shelving location Date acquired Total Checkouts Full call number Barcode Date last seen Price effective from Koha item type
          Koleksioni i përgjithshem UBT - Lipjan UBT - Lipjan Koleksioni i përgjithshem 02/27/2018   658.0019 SHEF 002-3000444 02/27/2018 02/27/2018 Books
UBT Library © 2015-2024. All rights reserved University Education for Business and Technology